000 00277nam a22001217a 4500
041 _aENG
100 _aSrivastava.P.K
245 _aApproriate agri based Technologies For Rural Women
260 _aBhopal
_bICAR
_c1995
300 _a77
650 _aGAE
856 _uGAE (37 )
999 _c2476
_d2476